Hodnotenie efektívnosti obchodného podniku diplomová práca

Salvato in:
Dettagli Bibliografici
Autore principale: Lajgút, Ondrej
Ente Autore: Podnikovohospodárska fakulta EU so sídlom v Košiciach. Katedra účtovníctva a financií
Altri autori: Varcholová, Tatiana
Natura: Libro
Lingua:slovacco
Pubblicazione: Košice 2010
Tags: Aggiungi Tag
Nessun Tag, puoi essere il primo ad aggiungerne!!

MARC

LEADER 00000nam$a2200000$$$4500
001 0122280
005 20240318122219.5
041 0 |a slo 
044 |a SK 
245 1 0 |a Hodnotenie efektívnosti obchodného podniku  |b diplomová práca  |c Ondrej Lajgút ; škol. Tatiana Varcholová 
264 1 |a Košice  |c 2010 
300 |a 74 s. 
100 1 |a Lajgút, Ondrej 
700 1 |a Varcholová, Tatiana 
710 2 |a Podnikovohospodárska fakulta EU so sídlom v Košiciach. Katedra účtovníctva a financií